000 00706nam a2200229 a 4500
999 _c9410
_d9410
001 9410
003 BD-JhCC
005 20180527135251.0
008 180314s1987 bg a|||| |a|| 000 0 b d
035 _a(BD-JhCC)9410
040 _aBD-JhCC
_dBD-JhCC
041 _aben
082 _a928
_bMAM 1987
100 _aমামুন, হায়াৎ
245 _aসোমেন চন্দ্র :
_b১৯২০- ১৯৪২ /
_cহায়াৎ মামুন,
260 _aঢাকা :
_bবাংলা একাডেমী ;
_c1987.
300 _a68 p. :
_c21 cm.
490 _aজীবনী গ্রন্থমালা
651 _aBiography.
942 _2ddc
_cBK